000 00251nam a2200109Ia 4500
008 231129s9999||||xx |||||||||||||| ||spa||
040 _bspa
082 _a344.07861 E79
245 0 _aEstatuto laboral del educador
264 _aLegis
942 _2ddc
_cBKS
999 _c13531
_d13531